| 000 | 00580nam a2200229Ia 4500 | ||
|---|---|---|---|
| 003 | OSt | ||
| 005 | 20220918175128.0 | ||
| 006 | a|||||r|||| 00| 0 | ||
| 007 | ta | ||
| 008 | 220917b |||||||| |||| 00| 0 eng d | ||
| 024 | _a15,815 | ||
| 037 | _cTextual | ||
| 040 |
_aARTS _cARTS _beng |
||
| 041 |
_2eng _aeng |
||
| 082 | _aO:u3:N3, J1 | ||
| 100 | _aScott-James R A | ||
| 245 | 0 | _aFifty years of English literature 1900-1950 | |
| 260 | _c1951 | ||
| 650 | _aENGLISH LITERATURE | ||
| 942 |
_hO:u3:N3, J1 _cTEXL _2CC |
||
| 999 |
_c156211 _d156211 |
||